Cognitive science for educators : (Record no. 172255)
[ view plain ]
| 000 -LEADER | |
|---|---|
| fixed length control field | 00877nam a22002417a 4500 |
| 003 - CONTROL NUMBER IDENTIFIER | |
| control field | OSt |
| 005 - DATE AND TIME OF LATEST TRANSACTION | |
| control field | 20260128094335.0 |
| 008 - FIXED-LENGTH DATA ELEMENTS--GENERAL INFORMATION | |
| fixed length control field | 250715b |||||||| |||| 00| 0 eng d |
| 020 ## - INTERNATIONAL STANDARD BOOK NUMBER | |
| International Standard Book Number | 9781912906710 (Paperback) |
| Terms of availability | USD 34.00 |
| 040 ## - CATALOGING SOURCE | |
| Original cataloging agency | NUST |
| Language of cataloging | eng |
| Transcribing agency | NUST |
| Modifying agency | NUST |
| Description conventions | rda |
| 050 ## - LIBRARY OF CONGRESS CALL NUMBER | |
| Classification number | LB1060 HAU |
| 100 ## - MAIN ENTRY--PERSONAL NAME | |
| Personal name | Hausmann, Robert G. M. |
| Relator term | Author |
| 245 ## - TITLE STATEMENT | |
| Title | Cognitive science for educators : |
| Remainder of title | practical suggestions for an evidence-based classroom / |
| Statement of responsibility, etc. | Robert G. M. Hausmann. |
| 260 ## - PUBLICATION, DISTRIBUTION, ETC. | |
| Place of publication, distribution, etc. | London : |
| Name of publisher, distributor, etc. | John Catt, |
| Date of publication, distribution, etc. | ©2020. |
| 300 ## - PHYSICAL DESCRIPTION | |
| Extent | 232 pages : |
| Other physical details | Illustrations ; |
| Dimensions | 21 cm. |
| 336 ## - CONTENT TYPE | |
| Source | rdacontent |
| Content type term | text |
| Content type code | txt |
| 337 ## - MEDIA TYPE | |
| Source | rdamedia |
| Media type term | unmediated |
| Media type code | n |
| 338 ## - CARRIER TYPE | |
| Source | rdacarrier |
| Carrier type term | volume |
| Carrier type code | nc |
| 504 ## - BIBLIOGRAPHY, ETC. NOTE | |
| Bibliography, etc. note | Includes bibliographical references and index. |
| 650 ## - SUBJECT ADDED ENTRY--TOPICAL TERM | |
| Topical term or geographic name entry element | Cognitive science. |
| 650 ## - SUBJECT ADDED ENTRY--TOPICAL TERM | |
| Topical term or geographic name entry element | Educational psychology. |
| 942 ## - ADDED ENTRY ELEMENTS (KOHA) | |
| Source of classification or shelving scheme | Library of Congress Classification |
| Koha item type | Ordinary Loan Books |
| Classification part | LB1060 HAU |
| Call number prefix | LB |
| Call number suffix | HAU |
| Suppress in OPAC | No |
| Withdrawn status | Lost status | Source of classification or shelving scheme | Damaged status | Not for loan | Collection | Home library | Current library | Shelving location | Date acquired | Source of acquisition | Cost, normal purchase price | Total Checkouts | Full call number | Barcode | Date last seen | Accession number | Cost, replacement price | Price effective from | Koha item type | Public note |
|---|---|---|---|---|---|---|---|---|---|---|---|---|---|---|---|---|---|---|---|---|
| LCC | NFIC | MAIN | MAIN | GEN | 07/15/2025 | Book Aid International | 34.00 | LB1060 HAU | 92004056919 | 07/15/2025 | 62675 | 34.00 | 07/15/2025 | BOOKS | Donation | |||||
| LCC | NFIC | MAIN | MAIN | GEN | 07/15/2025 | Book Aid International | 34.00 | LB1060 HAU | 92004056064 | 07/15/2025 | 62786 | 34.00 | 07/15/2025 | BOOKS | Donation | |||||
| LCC | NFIC | MAIN | MAIN | GEN | 11/17/2025 | Book Aid International | 34.00 | LB1060 HAU | 92004056373 | 11/17/2025 | 63398 | 34.00 | 11/17/2025 | BOOKS | Donation | |||||
| LCC | NFIC | MAIN | MAIN | GEN | 11/17/2025 | Book Aid International | 34.00 | LB1060 HAU | 92004056448 | 11/17/2025 | 63397 | 34.00 | 11/17/2025 | BOOKS | Donation | |||||
| LCC | NFIC | MAIN | MAIN | GEN | 11/17/2025 | Book Aid International | 34.00 | LB1060 HAU | 92004056315 | 11/17/2025 | 63396 | 34.00 | 11/17/2025 | BOOKS | Donation | |||||
| LCC | NFIC | MAIN | MAIN | GEN | 01/28/2026 | Book Aid International | 34.00 | LB1060 HAU | 92004057601 | 01/28/2026 | 63400 | 34.00 | 01/28/2026 | BOOKS | Donation | |||||
| LCC | NFIC | MAIN | MAIN | GEN | 01/28/2026 | Book Aid International | 34.00 | LB1060 HAU | 92004057569 | 01/28/2026 | 63401 | 34.00 | 01/28/2026 | BOOKS | Donation | |||||
| LCC | NFIC | MAIN | MAIN | GEN | 01/28/2026 | Book Aid International | 34.00 | LB1060 HAU | 92004057537 | 01/28/2026 | 63399 | 34.00 | 01/28/2026 | BOOKS | Donation |